000 00851nam a2200253Ia 4500
005 20220720124041.0
008 210716s2002 xx 000 0 und d
020 _a8178086131
040 _cAIMIT LIBRARY
041 _aeng
082 _a519.2
_bWALR
100 _aWalpole, Ronald E.
_951407
245 _aProbability and statistics for engineers and scientists /
_cBy Ronald E Walpole...[et.al].
250 _a7th ed.
260 _aNew Delhi :
_bPearson Education ,
_c2002.
300 _axvi,730p. ;
_c24 cm.
650 _aProbability
_951408
650 _aRandom variables and probability distributions
_951409
650 _aFundamental sampling distributions and data descriptions
_951410
700 _aMyers, Raymond H.
_951411
700 _aMyers, Sharon L.
_951412
700 _aYe, Keying.
_951413
942 _2ddc
_cBK
_e7th
_k519.2 WALR
999 _c185514
_d185514